| Registos Bibliográficos associados ao registo de autoridade |
|
Etiqueta de registo: 00000nam 2200025 450 001 1963507 003 http://id.bnportugal.gov.pt/bib/catbnp/1963507 100 ## $a20170524d2016 k y0pory01030103ba 101 0# $aeng$dpor 102 ## $aPT 105 ## $ay m 000yy 106 ## $ar 200 1# $aZeb1 function and its transcriptional network$enetwork in Glioblastoma Multiforme$fPedro Mota Prego Rosmaninho$gorient. Diogo S. Castro, Stefan Momma 210 #9 $aOeiras$c[s.n.],$d2016 215 ## $a233 p.$d25 cm 328 #1 $aTese dout. Biologia Molecular, Inst. Tec. Química e Biológica António Xavier, Univ.
Nova Lisboa, 2016 675 ## $a577.2(043)$vBN$zpor$3342688 675 ## $a612.82(043)$vBN$zpor$3337469 675 ## $a616.831-006(043)$vBN$zpor$31429968 700 #1 $aRosmaninho,$bPedro Mota Prego$31681783 702 #1 $aCastro,$bDiogo S.$4727$31632120 702 #1 $aMomma,$bStefan$4727$31681784 801 #0 $aPT$bBN$gRPC 966 ## $lBN$mFGMON$sS.A. 166033 V.$x1
|
|
|